| 000 | 00660nam a2200217 i 4500 | ||
|---|---|---|---|
| 001 | 80856 | ||
| 003 | ES-MaACL | ||
| 005 | 20230906174320.0 | ||
| 007 | t| | ||
| 008 | 041029s1968 sp ||||1| spa d | ||
| 080 | _a821.134.2-31"19" | ||
| 100 | 1 |
_aHoria, Vintila ( _d1915-1992) _964193 |
|
| 245 | 1 | 4 |
_aUna mujer para el apocalipsis : _bnovela / _cVintila Horia ; [tradujo Marcelo Arroita Jaúregui]. |
| 260 |
_aMadrid : _bGuadarrama, _c[1968] |
||
| 300 |
_a242 p. ; _c18 cm. |
||
| 490 | 1 |
_aPunto omega ; _v33 |
|
| 700 | 1 |
_aArroita-Jauregui, Marcelo. _923336 |
|
| 830 | 1 |
_aPunto omega ; _v33 _9180707 |
|
| 852 | 4 |
_aES-MaACL _jC-35370 |
|
| 999 |
_c80856 _d80856 |
||